01481nam a2200289 a 450000100100000000500170001000800410002704000250006808200150009310000340010824500520014226000350019430000210022949000520025050000720030250501740037459000750054865100430062365100590066665100590072565100540078465100540083883000590089291000370095195201860098899900170117400003519920200930074154.0111025s1910 sp 000 0 spa d aDO-SdBNPbspacBNPHU a987bR618e1 aRivas, Ángel César96093110aEnsayos de historia política y diplomática. aMadrid :bAmérica,c[1910?]. a353 p. ;c19 cm.1 aBiblioteca de ciencias política y socialesv7 aIncluye referencias bibliográfica y notas al pie de las páginas0 tOrígenes de la independencia de Venezuela --tLa diplomacia de los Estados Unidos y la monarquía en Colombia --tLa segunda misión a España de don Fermín Toro. aPerteneció a la biblioteca personal de Juan Isidro Jimenes Grullón 4aVenezuelaxHistoriayHASTA 1810960932 4aColombiaxRelaciones ExterioreszEstados Unidos960933 4aEstados UnidosxRelaciones ExterioreszColombia960934 4aVenezuelaxRelaciones ExterioreszEspaña960935 4aEspañaxRelaciones ExterioreszVenezuela960936 0aBiblioteca de ciencias política y socialesv7960937 aValidado. Control de calidad MFF 001050718MOaGRbGRcHDd2011-10-28iLF1l0o987 R618ep35199-10r2020-06-25w2020-06-25y1zPerteneció a la biblioteca personal de Juan Isidro Jimenes -GrullónZNo se presta c34690d34690